| 000 | 00411nam a2200181Ia 4500 | ||
|---|---|---|---|
| 001 | 10790 | ||
| 005 | 20260306161858.0 | ||
| 008 | 260306t1954||||xx |||||||||||||| ||spa|| | ||
| 041 | _aESP | ||
| 082 |
_a954 _bM42 |
||
| 100 |
_aMende, Tibor _eAUT |
||
| 245 | 0 | _aLa India contemporánea | |
| 260 | _c1954 | ||
| 300 |
_a321 páginas : _c17 cm. |
||
| 650 | _aGEN | ||
| 654 | _aCHU | ||
| 942 |
_cLIB _dJUS _fJUS _2ddc _n |
||
| 999 |
_c10790 _d10790 |
||